Smart Solutions and Quality of Life population
Pri prvom počutí pojem "inteligentné mestá" evokuje technické a technologické zmeny spolu s informačnými technológiami. Dané technológie pomáhajú občanom k lepšiemu prístupu k informáciám a efektívnym riešeniam problémov a zároveň ochraňujú životné prostredie. Zlepšujú robustnosť a odolnosť miest v...
Gespeichert in:
| 1. Verfasser: | |
|---|---|
| Format: | Buchkapitel |
| Sprache: | Englisch |
| Schlagworte: | |
| Tags: |
Keine Tags, Fügen Sie das erste Tag hinzu!
|
MARC
| LEADER | 00000naa a2200000 4500 | ||
|---|---|---|---|
| 001 | 0291102 | ||
| 005 | 20230216090220.4 | ||
| 041 | 0 | |a eng | |
| 044 | |a SK | ||
| 245 | 1 | 0 | |a Smart Solutions and Quality of Life population |c Anna Čepelová |
| 520 | |a Pri prvom počutí pojem "inteligentné mestá" evokuje technické a technologické zmeny spolu s informačnými technológiami. Dané technológie pomáhajú občanom k lepšiemu prístupu k informáciám a efektívnym riešeniam problémov a zároveň ochraňujú životné prostredie. Zlepšujú robustnosť a odolnosť miest v sociálnych, ekonomických a bezpečnostných podmienkach a uspokojujú požiadavky na zdravé a kvalitné podmienky života. Pochopenie konceptu inteligentných miest začína niekde medzi nárokmi kladenými na mestá rozsiahlym globálnym vývojom a trendmi a miestnymi možnosťami. Cieľom štúdie je preukázať dôležitosť inteligentných riešení a ich vplyvu na kvalitu života rezidentov vo vybraných mestách SR a ČR. | ||
| 610 | 2 | 0 | |a technológie informačné |
| 610 | 2 | 0 | |a technológie inteligentné |
| 610 | 2 | 0 | |a technológie komunikačné |
| 610 | 2 | 0 | |a technológie nové |
| 610 | 2 | 0 | |a kvalita života |
| 610 | 2 | 0 | |a populácia |
| 610 | 2 | 0 | |a mestá inteligentné |
| 100 | 1 | |a Čepelová, Anna | |